Chromosome techniques: Theory and practice (Record no. 21147)

MARC details
000 -LEADER
fixed length control field 00379nam a2200145Ia 4500
082 ## - DEWEY DECIMAL CLASSIFICATION NUMBER
Classification number 576.316
Item number ARU
100 ## - MAIN ENTRY--AUTHOR NAME
Personal name ARCHANA SHARMA
245 #0 - TITLE STATEMENT
Title Chromosome techniques: Theory and practice
250 ## - EDITION STATEMENT
Edition statement Ed.3
260 ## - PUBLICATION, DISTRIBUTION, ETC. (IMPRINT)
Place of publication London
Name of publisher Butterworth
Year of publication 1980
650 ## - SUBJECT ADDED ENTRY--TOPICAL TERM
Topical Term Chromosome technique
700 ## - ADDED ENTRY--PERSONAL NAME
Personal name ARUNKUMAR SHARMA
942 ## - ADDED ENTRY ELEMENTS (KOHA)
Koha item type Books
Holdings
Withdrawn status Lost status Damaged status Not for loan Home library Current library Date acquired Full call number Accession Number Koha item type
        RRII Library RRII Library 16/12/2021 576.316 ARU 01867 Books